000
00300nam a22001097a 4500
082
_a
658.3 FEA'E
100
_a
FEAR, RICHARD A
_9
56992
245
_a
THE EVALUATION INTERVIEW PREDICTING JOB PERFORMANCE IN BUSINESS AND INDUSTRY
260
_a
NEWYORK
_b
MCGRAW HILL
_c
1958
300
_a
288P
942
_c
BK
999
_c
567313
_d
567313